| 000 | 01103nam a22002537a 4500 | ||
|---|---|---|---|
| 005 | 20240530110546.0 | ||
| 008 | 160530s2013 ku a g b 000 0 ara d | ||
| 017 |
_a2013/1/226 _bالكويت . دائرة المكتبة الوطنية |
||
| 020 | _a9789957171810 | ||
| 040 | _aEG-CaGPL | ||
| 082 | 0 | 4 |
_221 _a372.19/ _bح إ |
| 100 | 0 | _aحلمى احمد الوكيل . | |
| 245 | 1 | 2 |
_aالاتجاهات الحديثة فى تخطيط و تطوير مناهج المرحلة الاولى / _cتاليف حلمى احمد الوكيل ،حسين بشير محمود . |
| 250 | _aط.3 | ||
| 260 |
_aالكويت : _bمكتبة الفلاح للنشر و التوزيع ، _c2013 . |
||
| 300 |
_a336 ص ؛ _c24 سم . |
||
| 650 | 0 | 4 | _aالتعليم الابتدائى . |
| 650 | 0 | 4 |
_aالتعليم الابتدائى _zالكويت |
| 650 | 0 | 4 |
_aالتعليم الابتدائى _xمناهج . |
| 650 | 0 | 4 |
_aالتعليم الابتدائى _xتطوير . |
| 700 | 0 |
_aحسين بشير محمود _eمؤلف مشارك . |
|
| 942 |
_2ddc _cBK |
||
| 999 |
_c62362 _d62362 |
||